000 00681nam a2200229 a 4500
001 19882
003 CO-ViMGA
008 141112s2004 ck r 000 u spa d
020 _a8449306752
040 _aCO-ViMGA
_bspa
_cCO-ViMGA
082 0 4 _a327.33 M877l
100 1 _aNussbaum, Martha
_928850
245 1 0 _aLos limites del patriotismo :
_bidentidad, pertenencia y "ciudadanía mundial"
260 _aBarcelona :
_bpaidos,
_c1999
300 _a187 p.
490 _aPaidos, estado y sociedad
590 _aForma de adquisición : Premio Mincultura
650 1 4 _aIDENTIDAD SOCIAL
_928851
650 1 4 _aNACIONALISMO
_925048
650 1 4 _aPATRIOTISMO
_928852
942 _2ddc
_cBK
999 _c29006
_d29006